Culture Générale - Série 2211 - Statistiques

Statistiques générales
  • Ce quiz a été pris 134 fois
  • Le résultat moyen est 6 sur 10
Statistiques - réponses
Question Réponse % Correct
Dans quel pays passe le canal de Suez qui relie l’océan Indien à la mer Méditerranée ? Egypte
94%
Dans quel pays se trouve le canal reliant l’océan Atlantique à l’océan Pacifique ? Panama
85%
Comment s'appelait l'épée magique légendaire du roi Arthur ? Excalibur
82%
Quel est le « plus grand pays musulman » du monde ? Indonésie
78%
En quelle année Hong Kong a-t-elle été rétrocédée à la Chine ? 1997
67%
Dans la mythologie grecque, à quelle créature sont associés Thésée et Ariane ? minotaure
65%
De qui sont les vers « Les sanglots longs des violons de l’automne blessent mon cœur d’une langueur monotone… » ? - prénom et nom Paul Verlaine
62%
Dans la série culte les Envahisseurs, qui les a vus alors qu’il cherchait un raccourci pour rentrer chez lui ? prénom et nom David Vincent
39%
Qui a composé les musiques des films Docteur Jivago et Lawrence d’Arabie ? prénom et nom Maurice Jarre
16%
Dans les années 60, l’émission-phare « Cinq colonnes à la une » était composée de Pierre Lazareff, Igor Barrère, Pierre Dumayet et .... - prénom et nom Pierre Desgraupes
15%
Aucun quiz correspondant
Distribution des résultats
% des personnes avec chaque résultat
Percentile par nombre de réponses
Votre historique - résultats
Vous n’avez pas pris ce quiz